Sports Quiz

Random Sports or NHL Quiz

Cover the Alphabet - NHL Teams Quiz Stats

 Plays Quiz Updated Apr 20, 2020

Support Sporcle.
Go Orange.
Score 0/52 Timer 01:30
3 Plays Today
% Correct
Q - Go
99.8%
X - Go
99.5%
Z - Go
99.5%
Q - Go
99.5%
X - Go
99.5%
Z - Go
99.5%
S - Sabres...
96.3%
S - Sabres...
96.3%
E - Jets...
95.8%
E - Jets...
95.8%
N - Kings...
95.5%
N - Kings...
95.5%
I - Wild...
95.4%
I - Wild...
95.4%
A - Avalanche...
95.1%
A - Avalanche...
95.1%
L - Lightning...
94.8%
L - Lightning...
94.8%
R - Red Wings...
94.8%
R - Red Wings...
94.8%
U - Blues...
94.2%
U - Blues...
94.2%
C - Canucks...
93.9%
C - Canucks...
93.9%
D - Ducks...
93.1%
D - Ducks...
93.1%
% Correct
K - Kings...
93%
K - Kings...
93%
G - Golden Knights...
92.6%
G - Golden Knights...
92.6%
P - Penguins...
91.9%
P - Penguins...
91.9%
B - Blues...
91.9%
B - Blues...
91.9%
T - Jets...
91.3%
T - Jets...
91.3%
H - Hurricanes...
89.6%
H - Hurricanes...
89.6%
F - Flames...
86.6%
F - Flames...
86.6%
O - Oilers...
85.2%
O - Oilers...
85.2%
W - Wild...
83.3%
W - Wild...
83.3%
J - Jets...
80.9%
J - Jets...
80.9%
M - Maple Leafs...
78%
M - Maple Leafs...
78%
Y - Coyotes...
71.5%
Y - Coyotes...
71.5%
V - Devils...
68.6%
V - Devils...
68.6%

You're not logged in!

Compare scores with friends on all Sporcle quizzes.
OR
Log In

From the Vault

15 in 15: US State Capitals

by pecheneg

Well it's not like we can showcase the US State Lowercases.
Remove Ads.
Support Sporcle.
Get the best of Sporcle when you Go Orange. This ad-free experience offers more features, more stats, and more fun while also helping to support Sporcle. Thank you for becoming a member.

Show Comments

Extras

Top Quizzes Today


Score Distribution

Your Account Isn't Verified!

In order to create a playlist on Sporcle, you need to verify the email address you used during registration. Go to your Sporcle Settings to finish the process.

Report this User

Report this user for behavior that violates our Community Guidelines.

Details: